000 00665nam a2200241Ia 4500
003 GCL
008 140319s9999 xx 000 0 ara d
040 _aGCL /
_cGCL
082 0 4 _a811.3
_bج د
100 1 _aجميل بن معمر
245 1 0 _aديوان العذريين /
_cجميل بن معمر
700 1 _aقيس بن الملوح
700 1 _aقيس بن ذريح
700 1 _aيوسف عبيد
300 _a416 ص
490 _a
650 0 4 _aالشعر العربى
650 0 4 _aالادب العربى
650 0 4 _aجميل بن معمر
650 0 4 _aقيس بن الملوح
650 0 4 _aقيس بن ذريح
942 _2ddc
_cBK
999 _c38709
_d38709